00635nam a22002297a 4500003000500000005001700005008004100022010001000063011001000073035001000083040000900093100002200102245005100124260007300175300001800248490002900266650002400295650001100319700002300330700002300353830002900376CHAP20220329135641.0971013s1949 r 00010 d a39933 a40905 a45031 cCHAP00aMorales, Julio O. aCultivos intercalados en plantaciones de Hevea aTurrialba :bInstituto Interamericano de Ciencias Agrícolas,c1949 a26 p.b: ilus aBoletín técnicov; 114aCultivos asociados.14aHevea.0 aBangham, Walter N.0 aBarrus, Montier F.0 aBoletín técnicov; 1